EDUCACION : (Record no. 70783)

MARC details
000 -CABECERA
campo de control de longitud fija 00589nam a2200193 a 4500
005 - FECHA Y HORA DE LA ÚLTIMA TRANSACCIÓN
campo de control 20210219153208.0
008 - ELEMENTOS DE LONGITUD FIJA--INFORMACIÓN GENERAL
campo de control de longitud fija 991125n 000 0 spa u
035 ## - NÚMERO DE CONTROL DEL SISTEMA
Número de control de sistema UPN01000083580
100 ## - ASIENTO PRINCIPAL--NOMBRE PERSONAL
Nombre de persona CERNA MANUEL M., 1912-
240 10 - TÍTULO UNIFORME
Título uniforme Introducción a la prospectiva de la educación
245 ## - MENCIÓN DE TÍTULO
Título EDUCACION :
Resto del título REVISTA DEL CONSEJO NACIONAL TECNICO DE LA EDUCACION
300 ## - DESCRIPCIÓN FÍSICA
Extensión 64-69
362 ## - FECHAS DE PUBLICACIÓN Y/O DESIGNACIÓN SECUENCIAL
Fecha de publicación y/o designación secuencial 1977 4a época,vol. 5, no. 23 ene.-feb.
653 0# - TERMINO DE INDIZACION - NO CONTROLADO
Término no controlado FILOSOFIA EDUCATIVA
653 0# - TERMINO DE INDIZACION - NO CONTROLADO
Término no controlado POLITICA EDUCATIVA
653 0# - TERMINO DE INDIZACION - NO CONTROLADO
Término no controlado SISTEMA EDUCATIVO
904 ## - ELEMENTOS DE DATOS D LOCAL, LDD (RLIN)
a AC
b 021391
905 ## - TIPO DE MATERIAL
Tipo de material Artículo

No items available.